000 00818nam a2200253 4500
001 190430
003 ES-MaACL
005 20240305213743.0
008 210326s1998 sp 001 f spa
020 _a84-08-02392-6
080 _a821.111(73)-31"19"
100 1 _aAndrews, V. C. (
_d1923-1986)
_9171112
245 1 3 _aLa canción del corazón /
_cV.C. Andrews ; traducción de Natalia Carrero.
250 _a1ª ed.
260 _aBarcelona :
_bPlaneta,
_c1998.
300 _a341 p. ;
_c24 cm.
490 1 _aBestseller mundial
830 1 _aBestseller mundial
_9225882
852 4 _aES-MaACL
_jA-14630
_9197607
_bR.125029
_cDEPO1
_dOlim: N-7630
_hDonación: José Lázaro
903 _aJosé Lázaro
_ednr
942 _2udc
_cMONOGRAFIA
999 _c190430
_d190430